000 01193nam a22002537a 4500
005 20240530110556.0
008 160310s2013 ua g b 000 0 ara d
017 _a2012/21873
_bمصر . دار الكتب المصرية
020 _a9789774102999
040 _aEG-CaGPL
082 0 4 _221
_a370.207\
_bص ر
100 0 _aصلاح الدين محمد توفيق
245 1 2 _aالربيع العربى و افاقة المستقبلية منطلقا لاصلاح منظومة التربية العربية :
_b( رؤى استشراقية ) /
_cتاليف صلاح الدين محمد توفيق ، نادية حسن السيد على
250 _aط1
260 _aالقاهرة :
_bالمكتبة العصرية للنشر و التوزيع ،
_c2013.
300 _a418 ص ؛
_c24 سم .
504 _aيشتمل على ارجاعات ببليوجرافية
650 0 4 _aالتعليم
_xالعالم العربى
650 0 4 _aالتعليم
_xاغراضة و اهدافة
650 0 4 _aالتعليم
_xالبحوث التربوية
700 0 _aنادية حسن السيد على
_eمؤلف مشارك
942 _2ddc
_cBK
999 _c62564
_d62564